000 003190000a22001450004500
005 20120302054456.0
942 _cBOOK
245 _a Kalyan Anka:Varsha 44-Anka-12
260 _aGorakhpur:Geeta,19670
300 _a1299-1356p.
040 _aHIN
650 _aSankirna
650 _aMaaasik-Kalyan
650 _aMaasik
999 _c345735
_d345732